header

Bond markets as conduits for capital flows (Record no. 102759)

MARC details
000 -LEADER
fixed length control field 01316nam a2200313Ia 4500
100 1# - MAIN ENTRY--AUTHOR NAME
Personal name Eichengreen, Barry J.
245 10 - TITLE STATEMENT
Title Bond markets as conduits for capital flows
260 ## - PUBLICATION, DISTRIBUTION, ETC. (IMPRINT)
Place of publication [Washington, D.C.] :
Name of publisher International Monetary Fund,
Year of publication c2006.
300 ## - PHYSICAL DESCRIPTION
Number of Pages 42 p.
490 1# - SERIES STATEMENT
Series statement IMF working paper ;
500 ## - GENERAL NOTE
General note "October 2006".
650 #0 - SUBJECT ADDED ENTRY--TOPICAL TERM
Topical Term Investments, Foreign
Topical Term Capital movements
700 1# - ADDED ENTRY--PERSONAL NAME
Personal name Luengnaruemitchai, Pipat.
856 40 - ELECTRONIC LOCATION AND ACCESS
Uniform Resource Identifier http://site.ebrary.com/lib/rucke/Doc?id=10380756

No items available.

© 2026 Rongo University
Contact us: librarian | system librarian | Rongo university